Quest, the hurdles: a socialist testament (Record no. 402656)

000 -LEADER
fixed length control field 00551cam a22001697a 4500
008 - FIXED-LENGTH DATA ELEMENTS--GENERAL INFORMATION
fixed length control field 180718b2004 xxu||||| |||| 00| 0 eng d
020 ## - INTERNATIONAL STANDARD BOOK NUMBER
International Standard Book Number 8122006698
082 ## - DEWEY DECIMAL CLASSIFICATION NUMBER
Classification number I548 Sh421
100 ## - MAIN ENTRY--PERSONAL NAME
Personal name Shekhar, Chandra
245 ## - TITLE STATEMENT
Title Quest, the hurdles: a socialist testament
Statement of responsibility, etc. by Chandra Shekhar
260 ## - PUBLICATION, DISTRIBUTION, ETC.
Place of publication, distribution, etc. Delhi
Name of publisher, distributor, etc. Konark
Date of publication, distribution, etc. 2004
300 ## - PHYSICAL DESCRIPTION
Extent v
500 ## - GENERAL NOTE
General note Contents: v.1. Political, 414p.; v.2. Economic & foreign affairs
650 ## - SUBJECT ADDED ENTRY--TOPICAL TERM
Topical term or geographic name entry element India --Foreign relations
650 ## - SUBJECT ADDED ENTRY--TOPICAL TERM
Topical term or geographic name entry element India --Economic conditions
650 ## - SUBJECT ADDED ENTRY--TOPICAL TERM
Topical term or geographic name entry element India --Politics and government --1977-
Holdings
Withdrawn status Lost status Damaged status Not for loan Permanent Location Current Location Date acquired Full call number Barcode Date last seen Price effective from Koha item type
        Indian Institute of Public Administration Indian Institute of Public Administration 2004-05-27 I548 Sh421 79221 2018-07-21 2018-07-21 Book
        Indian Institute of Public Administration Indian Institute of Public Administration 2004-05-27 I548 Sh421 79220 2018-07-21 2018-07-21 Book

Powered by Koha